000
00255nam a22001097a 4500
082
_a
891.4393 QUR'K
100
_a
QURATULAIN HAIDER
_9
76664
245
_a
KARIA JAHAN DARAZ HAI
260
_a
LAHORE
_b
MAKTABA URDU ADAB
_c
1970
300
_a
464P
942
_c
BK
999
_c
582014
_d
582014